000
00286nam a2200109Ia 4500
008
171211s9999 xx 000 0 und d
245
_a
Muslims and Matriarchs
245
_c
Jeffrey Hadler
260
_c
2008
650
_x
Religion
856
_u
http://down.ebook777.com/063/080144697X.pdf
999
_c
350455
_d
350455